| 000 | 00857nam a22002177a 4500 | ||
|---|---|---|---|
| 005 | 20251128124949.0 | ||
| 010 | _aB-761746-757 ENG-147159 BACEN25 | ||
| 020 |
_c499.00 _a9789334068924 |
||
| 035 | _aB-761746-757 | ||
| 035 | _aEN-130691 | ||
| 037 | _bGunjan Sareen | ||
| 037 |
_bDBAD _aDPL |
||
| 082 |
_a370.195 _21 |
||
| 100 |
_aSareen, Gunjan _985791 |
||
| 245 |
_aWho Has Give Up?/ _cby Gunjan Sareen |
||
| 260 |
_bG. S. Reen _c2024 _aDehradun |
||
| 270 |
_aLane No 6 A, House No 4, Ashirwaad Enclave, Ballupur _bDehradun _e248001 |
||
| 300 |
_a294p. _c20cm(pb) |
||
| 942 |
_2ddc _cEN _h370.195 _mSAR _e1 |
||
| 999 |
_c209540 _d209540 |
||